Jaki sport mężczyźni oglądają najczęściej - Statystyki

Ogólne statystyki
  • Ten quiz został rozwiązany 98 razy
  • Średni wynik to 5 z 7
Statystyki odpowiedzi
Hint Odpowiedź % Poprawnych
1. Piłka nożna
100%
5. Koszykówka
98%
4. Siatkówka
98%
7. Boks
65%
6. Skoki Narciarskie
63%
2. Hokej
55%
3. Żużel
43%
Nie znaleziono quizów pasujących do podanych kryteriów
Rozkład punktacji
Procent ludzi z każdym wynikiem
Percentyl według liczby udzielonych odpowiedzi
Twoja historia wyników
Nie rozwiązałeś tego quizu